000 00659nam a2200205Ii 4500
003 JO-AjNU
008 230605s9999||||xx |||||||||||||| ||und||
017 _a2000/4788
040 _aJO-AjNU
_bara
_erda
_cJO-AjNU
041 _aara
050 1 4 _aQL45.2.K422 2001
100 3 _aعبدالخالق ، خضر شحادة,
_eauthor
_99000
245 0 0 _aالواضح في علم الحيوان والجيولوجيا
264 3 1 _aبيروت:دار الكتب الجديدة ، 2001
300 _a420ص
336 _atext
_btxt
_2rdacontent
337 _aunmediated
_bn
_2rdamedia
338 _avolume
_bnc
_2rdacarrier
650 4 _aعلم الحيوان
_99001
999 _aA1076
_c4644
_d4644